Bansi lal chif minister of haryana / (Record no. 164607)

MARC details
000 -LEADER
fixed length control field 00490nam a22001697a 4500
005 - DATE AND TIME OF LATEST TRANSACTION
control field 20190523124117.0
010 ## - LCCN (DPL NO)
LC control number A-895396
020 ## - INTERNATIONAL STANDARD BOOK NUMBER
International Standard Book Number 8170249856
Terms of availability 500.00
035 ## - SYSTEM CONTROL NUMBER
System control number A-895396
037 ## - SOURCE OF ACQUISITION
Source of stock number/acquisition APH Publishing Corporation
082 ## - DEWEY DECIMAL CLASSIFICATION NUMBER
Classification number 923.2
100 ## - MAIN ENTRY--PERSONAL NAME
Personal name Bakshi, S.R. etc. eds
245 ## - TITLE STATEMENT
Title Bansi lal chif minister of haryana /
Statement of responsibility, etc S.R. Bakshi
260 ## - PUBLICATION, DISTRIBUTION, ETC. (IMPRINT)
Place of publication, distribution, etc New Delhi
Name of publisher, distributor, etc APH Publishing Corporation
Date of publication, distribution, etc 1998
300 ## - PHYSICAL DESCRIPTION
Extent 192p
Dimensions 23cm (hbk)
942 ## - ADDED ENTRY ELEMENTS (KOHA)
Source of classification or shelving scheme Dewey Decimal Classification
Item type English Books
Classification part 923.2
Call number suffix BAN
Holdings
Withdrawn status Lost status Not for loan Collection code Home library Current library Date acquired Full call number Barcode Koha item type
      Non-fiction Sarojini Nagar Sarojini Nagar 23/05/2019 923.2 BAN A-895396 English Books

© Delhi Public Library
Hit Counter
free hit counter